Statistics for Movie Titles in Spanish 2 Quiz

Click here to take the quiz!

General Stats

  • This quiz has been taken 1,409 times
  • The average score is 7 of 15

Answer Stats

YearSpanish TitleEnglish Title% Correct
1988GrandeBig
90%
2004Bebé de millón de dólaresMillion Dollar Baby
87%
2005Marcha de los pingüinosMarch of the Penguins
82%
1997Hombres de negroMen in Black
82%
1988¿Quién enmarcó el conejo Roger?Who Framed Roger Rabbit?
55%
1994La máscaraThe Mask
50%
2005Ande la líneaWalk the Line
46%
1999Nunca se han besadoNever Been Kissed
36%
1992Una liga de sus propiasA League of Their Own
34%
1989Campo de sueñosField of Dreams
33%
2001Una mente maravillosaA Beautiful Mind
31%
1981Carros de fuegoChariots of Fire
29%
1997Fuerza aérea unAir Force One
18%
2003AgujerosHoles
11%
2004Coger ese niñoCatch That Kid
6%

Score Distribution

Percentile by Number Answered

Percent of People with Each Score

Your Score History

You have not taken this quiz